000 00738nam a2200253 i 4500
001 000048795
003 DO-SdBNP
005 20250922134743.0
007 ta
008 190412s2016 dr 000 0 spa d
020 _a9789945084573
040 _aDO-SdBNP
_bspa
_cBNPHU
_erda
041 _aspa
082 4 _axxx
_bM433
_222
100 1 _aMatos Diedoné, Manuel Antonio,
_eautor
_4aut.
_965318
245 1 3 _aLa hija del hungán. /
_cManuel Antonio Matos Diedoné.
264 1 _aSanto Domingo :
_bEditora Búho,
_c2016.
300 _a138 páginas ;
_c18 cm.
336 _atexto
_btxt
_2rdacontent
337 _asin mediación
_bn
_2rdamedia
338 _avolumen
_bnc
_2rdacarrier
590 _aInventariado, 2019/ YL
942 _2ddc
_cLBS1
999 _c48283
_d48283